01429nam a2200361Ia 4500001001200000003000800012006001900020007001500039008004100054010001700095020001500112040002100127035002000148050002800168082001600196245011100212250001200323260008300335300002600418490001700444500001600461500002000477504005100497533015200548650004300700650001800743655002900761700002000790710009600810710001700906830001800923856012600941ebr10112086CaPaEBRm u cr cn|||||||||050301s2004 nyua sb 001 0 eng d z 2005270606 z0738498033 aCaPaEBRcCaPaEBR a(OCoLC)6278459214aQA76.9.C58bG785 2004eb04a004/.3622200aGrid services programming and application enablementh[electronic resource] /c[Luis Ferreira ... et al.]. a1st ed. aWhite Plains, NY :bIBM, International Technical Support Organization,cc2004. axviii, 280 p. :bill.1 aIBM redbooks a"May 2004." a"SG24-6100-00." aIncludes bibliographical references and index. aElectronic reproduction.bPalo Alto, Calif. :cebrary,d2009.nAvailable via World Wide Web.nAccess may be limited to ebrary affiliated libraries. 0aComputational grids (Computer systems) 0aWeb services. 7aElectronic books.2local1 aFerreira, Luis.2 aInternational Business Machines Corporation.bInternational Technical Support Organization.2 aebrary, Inc. 0aIBM redbooks.40uhttp://site.ebrary.com/lib/rucke/Doc?id=10112086zAn electronic book accessible through the World Wide Web; click to view